000 00405 a2200121 4500
001 ART_46447
005 20260410162006.0
008 260409a
245 1 0 _aLa obligación de saneamiento en las XXVI Jornadas Nacionales de Derecho Civil
100 1 _aArias Cáu, Esteban J.
700 1 _aNieto, Matías L.
773 0 _tTemas de derecho civil
_g- Año 4, N° 3 (mar. 2018)
_wREV34778
999 _c31743
_d31743